Bridge Team Management: a practical guide / (Record no. 128)

000 -LEADER
fixed length control field 00489nam a2200169Ia 4500
008 - FIXED-LENGTH DATA ELEMENTS--GENERAL INFORMATION
fixed length control field 190805s9999||||xx |||||||||||||| ||und||
020 ## - INTERNATIONAL STANDARD BOOK NUMBER
International Standard Book Number 9781870077668
Terms of availability £ 55.00
082 04 - DEWEY DECIMAL CLASSIFICATION NUMBER
Classification number 623.89
Item number Sw54
100 1# - MAIN ENTRY--PERSONAL NAME
Personal name Swift, A. J.
245 10 - TITLE STATEMENT
Title Bridge Team Management: a practical guide /
250 ## - EDITION STATEMENT
Edition statement 2nd ed.
260 ## - PUBLICATION, DISTRIBUTION, ETC. (IMPRINT)
Place of publication, distribution, etc London :
Name of publisher, distributor, etc The Nautical Institute,
Date of publication, distribution, etc 2016
300 ## - PHYSICAL DESCRIPTION
Extent x, 118 p.
Other physical details : ill., maps
Dimensions ; 30 cm.
650 #0 - SUBJECT ADDED ENTRY--TOPICAL TERM
Topical term or geographic name as entry element Navigation
852 ## - LOCATION/CALL NUMBER
Location
942 ## - ADDED ENTRY ELEMENTS (KOHA)
Item type Books
Holdings
Withdrawn status Lost status Damaged status Not for loan Collection code Permanent location Current location Shelving location Date acquired Source of acquisition Cost, normal purchase price Total Checkouts Full call number Barcode Date last seen Date last borrowed Koha item type Public note Source of classification or shelving scheme
        Nautical Science IMU Kochi Library IMU Kochi Library Reference 2017-05-22 Segment Book Distrubuters 4785.00 4 623.89 Sw54 BK003099 2022-10-28 2022-10-28 Books Shelf-4, Row-3  
        Nautical Science IMU Kochi Library IMU Kochi Library Reference 2017-05-22 Segment Book Distrubuters 4785.00 1 623.89 Sw54 BK003100 2022-10-06 2022-10-06 Books Shelf-4, Row-3  
        Nautical Science IMU Kochi Library IMU Kochi Library General Stacks 2017-08-03 Excel Books Pvt. Ltd. 4642.00 6 623.89 Sw54 BK004514 2023-12-13 2023-08-11 Books Shelf-4, Row-3  
        Nautical Science IMU Kochi Library IMU Kochi Library Reference 2017-08-07 Sterling Book House 4752.00 1 623.89 Sw54 BK004639 2022-10-06 2022-10-06 Books Shelf-4, Row-3  
        Nautical Science IMU Kochi Library IMU Kochi Library Reference 2017-08-07 Sterling Book House 4752.00 1 623.89 Sw54 BK004640 2022-10-06 2022-10-06 Books Shelf-4, Row-3  
        Nautical Science IMU Kochi Library IMU Kochi Library Reference 2017-08-07 Sterling Book House 4752.00 3 623.89 Sw54 BK004641 2022-10-28 2022-10-28 Books Shelf-4, Row-3  
        Nautical Science IMU Kochi Library IMU Kochi Library Reference 2017-05-22 Segment Book Distrubuters 4785.00 5 623.89 Sw54 BK003098 2023-09-01 2023-09-01 Books Shelf-4, Row-3  
        Gifted Collection IMU Kochi Library IMU Kochi Library Reference 2011-01-08 Donated Books   3 623.89 Sw54 G0010 2023-08-03 2023-08-03 Gratis Books Shelf-4, Row-3  


Copyright © All Rights Reserved by Indian Maritime University, Kochi Campus.
For any Suggestions/Query Contact to library or Email: library.kochi@imu.ac.in Ph:(0484)-2989402
(Web OPAC Designed by Rudra Ranjan. Maintained by IMU Kochi Library)

Powered by Koha